000
002480000a22000970004500
100
1
_a
Lane, Tony
245
1
0
_a
John Duns Scotus
300
_a
Vol. 11, Num. 2 (1993), Páginas 81-84
773
0
_t
Scottish Bulletin of Evangelical Theology
942
_c
ANA
999
_c
55704
_d
55704